000 00684nam a2200217 a 4500
001 000004457
005 20240229073943.0
008 090723s2008 dr c 001 spa d
040 _aDO-SdBNP
_bspa
_cBNPHU
082 _a907.2
_bC531q
100 1 _aChez Checo, José,
_d1949-
_910145
245 1 0 _aDel quehacer historiográfico II, 1997-2007 /
_cJosé Chez Checo.
260 _aSanto Domingo,
_c2008.
_fBúho
300 _a118 p. :
_bretr. ;
_c20 cm.
490 1 _aHistoria total
_v15
500 _aIncluye índice
500 _aIncluye datos biográficos
651 4 _aRepública Dominicana
_xHistoria
_9170
650 4 _aHistoriografía
_913064
830 0 _aHistoria total
_n15
_913065
999 _c4266
_d4266